000 00733nam a2200217Ii 4500
003 JO-AjNU
008 230605s9999||||xx |||||||||||||| ||und||
017 _a1986/1012
040 _aJO-AjNU
_bara
_erda
_cJO-AjNU
041 _aara
050 1 4 _aPQ7133.A8312 1986
100 3 _aأثويلا، ماريانو ؛ ترجمة حسن البياتي,
_eauthor
_938223
245 0 0 _aأولئك الذين تحت: رواية
250 _aط1
264 3 1 _aبغداد: دار الشؤون الثقافية العامة، 1986
300 _a149ص
336 _atext
_btxt
_2rdacontent
337 _aunmediated
_bn
_2rdamedia
338 _avolume
_bnc
_2rdacarrier
650 4 _aالأدب العربي - روايات - ترجمة
_938224
999 _aA16041
_c19609
_d19609